Porovnanie úverov na bývanie na príklade vybranej komerčnej banky na Slovensku bakalárska práca

Salvato in:
Dettagli Bibliografici
Autore principale: Štefaniková, Tatiana
Ente Autore: Národohospodárska fakulta EU. Katedra bankovníctva a medzinárodných financií
Altri autori: Šturc, Boris, 1961-
Natura: Libro
Lingua:slovacco
Pubblicazione: Bratislava 2018
Tags: Aggiungi Tag
Nessun Tag, puoi essere il primo ad aggiungerne!!

MARC

LEADER 00000nbm a2200000 4500
001 0245877
005 20181214131046.2
041 0 |a slo 
044 |a SK 
245 1 0 |a Porovnanie úverov na bývanie na príklade vybranej komerčnej banky na Slovensku  |b bakalárska práca  |c Tatiana Štefaniková ; školiteľ: Boris Šturc 
264 1 |a Bratislava  |c 2018 
300 |a 47 s. 
100 1 |a Štefaniková, Tatiana 
700 1 |a Šturc, Boris, 1961- 
710 2 |a Národohospodárska fakulta EU. Katedra bankovníctva a medzinárodných financií